|
|
|
|
| LEADER |
01005cam a2200265 7i4500 |
| 001 |
0000066342 |
| 005 |
20220215090000.0 |
| 020 |
|
|
|a 9781617296857 (electronic book)
|
| 090 |
0 |
0 |
|a QA76.64
|b .N63 2019
|
| 100 |
1 |
|
|a Noback, Matthias
|
| 245 |
1 |
0 |
|a Object design style guide
|c Matthias Noback ; foreword by Ross Tuck.
|
| 264 |
|
|
|a Shelter Island, NY:
|b Manning Publications,
|c 2019.
|
| 300 |
|
|
|a 1 online resource (xx, 265 pages):
|b text file, PDF.
|
| 336 |
|
|
|a text
|2 rdacontent
|
| 337 |
|
|
|a computer
|2 rdamedia
|
| 338 |
|
|
|a online resource
|2 rdacarrier
|
| 650 |
|
0 |
|a Object-oriented programming languages
|
| 650 |
|
0 |
|a Computer programming
|
| 650 |
|
0 |
|a Object-oriented programming (Computer science)
|
| 655 |
|
0 |
|a Electronic books
|
| 700 |
1 |
|
|a Tuck, Ross
|
| 856 |
4 |
2 |
|u http://library.unisel.edu.my/web/guest/mylibrary
|
| 997 |
|
|
|a Communication, Visual Art & Computing, Faculty
|b Computing, Department
|
| 998 |
|
|
|a Computer Science, Degree
|
| 999 |
|
|
|a EBO0010983
|b EBOOK
|c EBOOK
|e Electronic resources
|